[Event "AUTO-ADV-4896"]
[Site "http://www.queenalice.com/game.php?id=1866043"]
[Date "2025.11.23"]
[Round "2"]
[White "maurice916"]
[Black "Connor"]
[Result "1-0"]
[WhiteElo "1811"]
[BlackElo "1892"]

1. Nf3 d5 2. b3 e6 3. Bb2 Nf6 4. e3 c5 5. d4 Nc6 6. Bb5 Bd7 7. O-O cxd4 8. exd4
Be7 9. a4 a6 10. Bd3 Nb4 11. Ba3 Nxd3 12. Bxe7 Qxe7 13. Qxd3 b5 14. Re1 Rc8 15.
Nbd2 Qb4 16. Ne5 Qc3 17. Qxc3 Rxc3 18. Nxd7 Nxd7 19. Rec1 O-O 20. axb5 axb5 21.
Ra7 Nf6 22. Rb7 h6 23. Rxb5 Rfc8 24. Nf3 Rxc2 25. Rxc2 Rxc2 26. h3 Ne4 27. Rb8+
Kh7 28. b4 Rxf2 29. b5 Rb2 30. Ne5 Nd6 31. b6 Nc4 32. Nxf7 Rxb6 33. Rxb6 Nxb6
34. Kf2 Nc4 35. Nd8 e5 36. dxe5 Nxe5 37. Ne6 g5 38. Ke3 Nc6 39. g4 Kg6 40. Nd4
Nxd4 41. Kxd4 h5 42. Kxd5 hxg4 43. hxg4 Kf6 44. Kd6 Kg6 45. Ke7 Kg7 46. Ke6 Kg6
47. Ke5 1-0

[Event "AUTO-ADV-4896"]
[Site "http://www.queenalice.com/game.php?id=1866044"]
[Date "2025.11.23"]
[Round "2"]
[White "Connor"]
[Black "maurice916"]
[Result "1/2-1/2"]
[WhiteElo "1896"]
[BlackElo "1807"]

1. d4 d6 2. c4 e5 3. Nc3 exd4 4. Qxd4 Nc6 5. Qd1 Nf6 6. e3 Bg4 7. Nf3 g6 8. a3
Bg7 9. Rb1 O-O 10. Be2 Re8 11. Bd2 b6 12. Nd4 Bxe2 13. Nxc6 Bxd1 14. Nxd8 Raxd8
15. Rxd1 Nd7 16. b4 Ne5 17. Nb5 Nxc4 18. Nxc7 Nxd2 19. Nxe8 Rxe8 20. Kxd2 Rd8
21. Ke2 Rd7 22. Rd5 Bf8 23. b5 f6 24. g3 Kf7 25. Rhd1 Be7 26. a4 f5 27. f4 Ke6
28. Kf3 h5 29. e4 fxe4+ 30. Kxe4 Kf6 31. h4 Ke6 32. f5+ Kf6 33. fxg6 Kxg6 34.
Kf4 Bf8 35. g4 hxg4 36. Kxg4 Be7 37. Re1 Kf7 38. h5 Kg7 39. Rxe7+ Rxe7 40. Rxd6
Re4+ 41. Kf5 Rxa4 42. h6+ Kh7 43. Kg5 Ra1 44. Rd7+ Kg8 45. h7+ Kh8 46. Kg6 Rg1+
47. Kh6 Rh1+ 48. Kg6 Rg1+ 49. Kh6 Rh1+ 1/2-1/2

[Event "AUTO-ADV-4909"]
[Site "http://www.queenalice.com/game.php?id=1867259"]
[Date "2025.12.19"]
[Round "1"]
[White "maurice916"]
[Black "Connor"]
[Result "1-0"]
[WhiteElo "2006"]
[BlackElo "1883"]

1. Nf3 d5 2. b3 e6 3. Bb2 Nf6 4. e3 c5 5. a3 Nc6 6. Bb5 Bd7 7. O-O Be7 8. d4
cxd4 9. exd4 a6 10. Bd3 h6 11. c4 b6 12. b4 dxc4 13. Bxc4 Nd5 14. Nc3 Nxc3 15.
Bxc3 b5 16. Bb3 Rc8 17. Rc1 O-O 18. d5 exd5 19. Bxd5 Nb8 20. Qb3 Bc6 21. Bxc6
Nxc6 22. Qb2 Bf6 23. Bxf6 gxf6 24. Rcd1 1-0

[Event "AUTO-ADV-4909"]
[Site "http://www.queenalice.com/game.php?id=1867260"]
[Date "2025.12.19"]
[Round "1"]
[White "Connor"]
[Black "maurice916"]
[Result "0-1"]
[WhiteElo "1858"]
[BlackElo "2017"]

1. d4 d6 2. e3 g6 3. c4 Bg7 4. Nf3 Bg4 5. Be2 Nf6 6. Nc3 Nbd7 7. Rb1 c6 8. a3
O-O 9. Bd2 Re8 10. h3 Bxf3 11. Bxf3 e5 12. dxe5 Nxe5 13. Be2 Qc7 14. b4 Rad8 15.
a4 b6 16. b5 cxb5 17. cxb5 d5 18. O-O Nc4 19. Bc1 Nxe3 20. fxe3 Qxc3 21. Bd2 Qc7
22. Bf3 Bh6 23. Qc1 Qxc1 24. Rbxc1 Bxe3+ 0-1